000 00390nam a22001457a 4500
999 _c12177
_d12177
008 210121b ||||| |||| 00| 0 eng d
082 0 0 _a621.811
_bA6371
100 _9752
_aAnvoner, S.
245 1 0 _aSolution of problems in theory of machines
_cBy S. Anvoner
260 _aLondon
_bSir Isaac Pitman
_c1959
300 _avii,492 p.
365 _d18.90
650 0 _aMachinery
942 _cBK